Online Catalogue and eLibrary

The suffragette movement : (Record no. 598)

MARC details
000 -LEADER
fixed length control field 00676cam a2200217 i 4500
001 - CONTROL NUMBER
control field 3215329
005 - DATE AND TIME OF LATEST TRANSACTION
control field 20240322025630.0
008 - FIXED-LENGTH DATA ELEMENTS--GENERAL INFORMATION
fixed length control field 780822r19771931enk b 000 0deng
020 ## - INTERNATIONAL STANDARD BOOK NUMBER
ISBN 0860680258
-- 0860680266
040 ## - CATALOGING SOURCE (பட்டியலாக்க மூலம்)
Original cataloging agency DLC
Transcribing agency DLC
Modifying agency DLC
082 00 - DDC Classification
Class No. 324.6
DDC Edition Number 22
Item Number - Author Mark THE.
100 1# - MAIN ENTRY--PERSONAL NAME
Personal name Pankhurst, E. Sylvia
245 14 - TITLE STATEMENT
Title The suffragette movement :
Remainder of title an intimate account of persons and ideals /
Statement of responsibility, etc. by E. Sylvia Pankhurst.
250 ## - EDITION STATEMENT
Edition statement 1st.
260 ## - PUBLICATION, DISTRIBUTION, ETC.
Place of publication, distribution, etc. London :
Name of publisher, distributor, etc. Virago,
Date of publication, distribution, etc. 1977.
300 ## - PHYSICAL DESCRIPTION
Extent (e.g. Volumes, Pages etc.) 631 p.,
490 0# - SERIES STATEMENT
Series statement Virago reprint library ; no. 3
500 ## - GENERAL NOTE
General note Reprint of the 1931 ed. published by Longmans, Green & Co., London and New York.
650 #0 - SUBJECT ADDED ENTRY--TOPICAL TERM
Topical term or geographic name entry element Women
942 ## - Koha item type (Biblio)
Koha item type Books in Stacks (Lending)
Holdings
Lost status Damaged status Collection code Home library Current library Date acquired Full call number Accession Number Item type
    Lending WERC Library WERC Library 03/22/2024 324.6 THE. 159 Books in Stacks (Lending)

© WERC Library